00398nam a22001337a 450000500170000000800410001704100130005808200130007110000130008424500600009726000510015730000310020865000250023920231212104010.0231212b |||||||| |||| 00| 0 eng d aEnglish  a348 SOU  lEnglish  aThe South African Encyclopedia of Forms and Precedents  aDurban : bButterworth and Company Ltd, c1967 bxli, 623 pages ; c26 cm.  aLegal practice bLaw